| 000 | 01295nam a2200229 a 4500 | ||
|---|---|---|---|
| 001 | 000686762 | ||
| 003 | AM-YeHGA | ||
| 005 | 20250617142300.0 | ||
| 008 | 090930s1976 ru |||||r|||||000|0|rus d | ||
| 040 | _aAM-YeHGA | ||
| 041 | _arus | ||
| 245 | 0 | 0 |
_aЛифты : _b[каталог-справочник] / _cМ-во строительного, дорожного и коммунального машиностроения, Техническое управление, ЦНИИТЭстроймаш. |
| 260 |
_aМосква : _bИзд-во ЦНИИТЭстроймаш, _c1976. |
||
| 300 | _a200 с. | ||
| 650 | 1 | 4 | _aКоммунальное машиностроение |
| 653 | 2 | _aпассажирские лифты | |
| 653 | 2 | _aгрузовые лифты | |
| 710 | 2 | _aМинистерство строительного, дорожного и коммунального машиностроения | |
| 710 | 2 | _aТехническое управление | |
| 710 | 2 | _aЦентральный научно-исследовательский институт информации и технико-экономических исследований по строительному, дорожному и коммунальному машиностроению | |
| 090 | _c256331 | ||
| 999 |
_c254728 _d254728 |
||